|
|
|
|
| LEADER |
00909nam a2200217 a 4500 |
| 001 |
14394593 |
| 008 |
120807s2003 nyua b 001 0 eng d |
| 010 |
|
|
|a 2006276980
|
| 020 |
|
|
|a 0072820624 (pbk. : acid-free paper)
|
| 040 |
|
|
|a CPV
|c CPV
|d BAKER
|d VP@
|d DLC
|d BD-DhAAL
|
| 082 |
0 |
0 |
|a 428.007
|2 22
|
| 245 |
0 |
0 |
|a Practical English language teaching /
|c David Nunan, editor.
|
| 260 |
|
|
|a New York :
|b McGraw-Hill/Contemporary,
|c c2003.
|
| 300 |
|
|
|a ix, 342 p. :
|b ill. ;
|c 24 cm.
|
| 504 |
|
|
|a Includes bibliographical references and index.
|
| 541 |
|
|
|e 00025874
|
| 650 |
|
0 |
|a English language
|x Study and teaching.
|
| 700 |
1 |
|
|a Nunan, David.
|
| 852 |
4 |
|
|a Ayesha Abed Library
|j General shelf.
|
| 999 |
|
|
|c 12764
|d 12764
|
| 952 |
|
|
|0 0
|1 0
|2 ddc
|4 0
|6 428_007000000000000_PRA
|7 0
|9 21023
|a BRACUL
|b BRACUL
|c GEN
|d 2012-08-26
|e Riza Enterprise
|g 2850.00
|l 15
|m 101
|o 428.007 PRA
|p 3010025874
|r 2026-01-03
|s 2025-12-07
|t 1
|w 0000-00-00
|y BK
|x Available
|